| 000 | 00683nam a2200253Ia 4500 | ||
|---|---|---|---|
| 003 | OSt | ||
| 005 | 20221005021833.0 | ||
| 006 | a|||||r|||| 00| 0 | ||
| 007 | ta | ||
| 008 | 221004b |||||||| |||| 00| 0 guj d | ||
| 024 | _a40733 | ||
| 037 | _cTextual | ||
| 040 |
_aCRL _cCRL _bguj |
||
| 041 |
_2guj _aguj |
||
| 082 | _aO156,3NTH1,4, K0.2 | ||
| 100 |
_aThaker Jaya Au. _9577506 |
||
| 245 | 0 | _aSitar | |
| 260 |
_aAhamdabad _bGujjar Granthratna Karyalya India _c1960 |
||
| 300 |
_a199p. _ccm. |
||
| 650 | _a GUJRATI LITERATURE | ||
| 650 | _aGUJRATI FICTION | ||
| 942 |
_hO156,3NTH1,4, K0.2 _cTEXL _2cc |
||
| 999 |
_c928217 _d928217 |
||